Statistiques concernant Quiz sur le Nuevo Rico

Cliquez ici pour prendre le quiz!

Statistiques générales

  • Ce quiz a été pris 15 fois
  • Le résultat moyen est 9 sur 16

Statistiques - réponses

QuestionRéponse% Correct
Général theodorien qui signa la paix entre les deux pays avec ce dernierGénéral A{lcazar}
100%
Langue officielleEspagnol
93%
Pays frontalier ennemiSan Theodoros
93%
Elément figurant trois fois sur le drapeauEtoile
80%
Biome recouvrant la majeure partie du paysForêt vierge
80%
Région convoitée par ces deux pays pour ses ressourcesGran {Chapo}
80%
Principale ressource exploitable dans cette régionPétrole
73%
Traduction de Nuevo Rico dans cette langueNouveau Riche
67%
Devise monétairePeso
67%
Capitale et ville la plus peupléeSanfación
40%
Secteur d'activité représentant la majeure partie du PIB du paysAgriculture
33%
Dirigeant emblématique du Nuevo RicoGénéral M{ogador}
33%
Fleuve traversant le paysBadurayal
27%
Autre pays sudaméricain au nom similaire, connu pour son fort capitalismeSao Rico
27%
Surnom donné aux leaders sudaméricains issus du milieu militaireCaudillo
20%
Principal organe de presse écriteL'{Echo} {de} {Sanfación}
7%

Distribution des résultats

Percentile par nombre de réponses

% des personnes avec chaque résultat

Votre développement - résultats

Vous n’avez pas pris ce quiz